| 000 | 00592nam a2200181 u 4500 | ||
|---|---|---|---|
| 001 | 000579925 | ||
| 003 | AM-YeHGA | ||
| 005 | 20250617141154.0 | ||
| 008 | 080506s1973 ||| r 000 0 rus d | ||
| 040 | _aAM-YeHGA | ||
| 041 | 0 | _arus | |
| 100 | 1 | _aБородин, Григорий Аркадьевич | |
| 245 | 1 | 0 |
_aШуя : _bПутеводитель / _cГ.А. Бородин. |
| 260 |
_aЯрославль : _bВерх.-Волж. кн. изд-во, _c1973. |
||
| 300 |
_a93 с. : _bил. ; _c17 см. |
||
| 653 | 0 | _aШуя - История - Путеводители | |
| 090 | _c235099 | ||
| 999 |
_c233539 _d233539 |
||